Gaming Quiz

Random Gaming Quiz

Lisa Party Members Quiz Stats

Quiz not verified by Sporcle

Challenge
Share
Tweet
Embed
Score 0/31 Timer 13:00
0 Plays Today
Answer % Correct
Terry Hintz
93.6%
Buckets
84.4%
Nern Guan
80.7%
Beastborn
78.9%
Carp
78.9%
Brad Armstrong
77.1%
Rage Ironhead
77.1%
Shocklord
77.1%
Tiger Man
76.1%
Fardy Hernandez
75.2%
Olan Hoyt
74.3%
Percy Monsoon
74.3%
Birdie Hall
73.4%
Buffalo Van Dyke
72.5%
Queen Roger
72.5%
Ajeet Mandeep
71.6%
Answer % Correct
RT
71.6%
Mad Dog
69.7%
Bo Wyatt
68.8%
Garth
68.8%
Geese Thompson
68.8%
Jack
68.8%
Ollie Nickels
67.9%
Clint Olympic
67%
Fly Minetti
67%
Crisp Ladaddy
64.2%
Harvey Alibastor
64.2%
Dick Dickson
63.3%
Rooster Coleman
62.4%
Sonny Backluwitz
54.1%
Yazan Barghouti
53.2%

You're not logged in!

Compare scores with friends on all Sporcle quizzes.
Sign Up with Email
OR
Log In

You Might Also Like...

Show Comments

Extras

Top Quizzes Today


Score Distribution

Your Account Isn't Verified!

In order to create a playlist on Sporcle, you need to verify the email address you used during registration. Go to your Sporcle Settings to finish the process.